Four classics on indian stage/ (Record no. 172058)
[ view plain ]
| 000 -LEADER | |
|---|---|
| fixed length control field | 01019nam a22002537a 4500 |
| 005 - DATE AND TIME OF LATEST TRANSACTION | |
| control field | 20200127113347.0 |
| 010 ## - LCCN (DPL NO) | |
| LC control number | ENG-127555-57 |
| 020 ## - INTERNATIONAL STANDARD BOOK NUMBER | |
| Terms of availability | 399.00 |
| International Standard Book Number | 9789386473820 (1v.) |
| 020 ## - INTERNATIONAL STANDARD BOOK NUMBER | |
| Terms of availability | 399.00 |
| International Standard Book Number | 9789386473837(v2) |
| 020 ## - INTERNATIONAL STANDARD BOOK NUMBER | |
| Terms of availability | 399.00 |
| International Standard Book Number | 9789386473851(v3) |
| 035 ## - SYSTEM CONTROL NUMBER | |
| System control number | EN-111087 |
| 037 ## - SOURCE OF ACQUISITION | |
| Source of stock number/acquisition | DBAD/PUB |
| 082 ## - DEWEY DECIMAL CLASSIFICATION NUMBER | |
| Classification number | 822 |
| 245 ## - TITLE STATEMENT | |
| Title | Four classics on indian stage/ |
| Statement of responsibility, etc | edited by Vijay Padaki |
| 246 ## - VARYING FORM OF TITLE | |
| Title proper/short title | The history of ideasprogramme of new plays |
| 246 ## - VARYING FORM OF TITLE | |
| Title proper/short title | Children's theatre programme of new plays |
| 260 ## - PUBLICATION, DISTRIBUTION, ETC. (IMPRINT) | |
| Place of publication, distribution, etc | New Delhi |
| Name of publisher, distributor, etc | Vitasta |
| Date of publication, distribution, etc | 2020 |
| 270 ## - ADDRESS | |
| Address | 2/15,Ansari Road |
| City | Darya Ganj |
| Postal code | 110002 |
| 300 ## - PHYSICAL DESCRIPTION | |
| Extent | 3vol,409p.; 384p.;364p.) |
| Dimensions | 21cm(pbk) |
| 505 ## - FORMATTED CONTENTS NOTE | |
| Formatted contents note | vol-1-The toy cart of clay,The Anklet,Kurukshetra burining,the Echo---vol-2-The Prophet and the Poet,Tiger!TigerFinding Ananda,Monsters in the dark,Einstein's dreams---vol-3-The ungrateful man,the magic drum,Ali Oh Baba,The court Jester. |
| 600 ## - SUBJECT ADDED ENTRY--PERSONAL NAME | |
| Dates associated with a name | English Play |
| 700 ## - ADDED ENTRY--PERSONAL NAME | |
| Personal name | Padaki,Vijay |
| 942 ## - ADDED ENTRY ELEMENTS (KOHA) | |
| Source of classification or shelving scheme | Dewey Decimal Classification |
| Item type | English Books |
| Call number suffix | FOU |
| Classification part | 882 |
| Withdrawn status | Lost status | Materials specified (bound volume or other part) | Not for loan | Collection code | Home library | Current library | Date acquired | Source of acquisition | Cost, normal purchase price | Full call number | Barcode | Copy number | Cost, replacement price | Koha item type |
|---|---|---|---|---|---|---|---|---|---|---|---|---|---|---|
| v1 | Non-fiction | Central Library | Central Library | 27/01/2020 | DBAD/PUB | 399.00 | 882 FOU | EN-111087 | 1 | 399.00 | English Books | |||
| v3 | Non-fiction | Sarojini Nagar | Sarojini Nagar | 27/01/2020 | DBAD/PUB | 399.00 | 882 CHI | EN-111089 | 1 | 399.00 | English Books |
